1322 1354 1551 1872 1093 1221 1656 1167 1964 1063 1349 1609 1673 1439 1933 1120 1832 1416 1685 1394 1811 1896 1913 1603 1752 1377 1110 1792 1212 1007 1441 1399 1602 1656 1104 1065 1665 1382 1022 1454 1651 1877 1817 1545 1900 1174 1680 1613 1389 1569 1319 1409 1595 1561 1776 1392 1846 1188 1937 1691 1285 1175 1438 1248 1058 1321 1452 1361 1520 1664 1937 1723 1324 1444 1645 1095 1999 1896 1060 1264 1961 1496 1315 1459 1779 1131 1178 1498 1766 1762 1075 1340 1128 1512 1378 1307 1361 1751 1659 BCNSPRNW ULIB Ver.6.0+V

เปลี่ยนเป็นภาษาไทย

Change to English
 แสดงรายละเอียดบรรณานุกรม
  กลับหน้าหลัก

Brief Record : Get Marc (ISO 2709) : E-mail record : QR code < ปิดหน้าต่าง
LEADER : 00000nam 2200000uu 4500
001    13399124974
003     ULIB
008    160527s2559||||th 000 0 tha d
020    ^a9786161128302
060  0 ^aWA541.JT3 ป435
100 0  ^aธีระ รามสูต
245 00 ^aประวัติศาสตร์โรคเรื้อนในประเทศไทย/^bธีระ รามสูต;ผู้เขียน
250    ^aพิมพ์ครั้งที่ 1
260    ^aกรุงเทพฯ:^bมูลนิธิราชประชาสมาสัยในพระบรมราชูปถัมภ์;^c2559
300    ^a400 หน้า:^bภาพประกอบ;^c24 ซม
650  4 ^aการบริหารสาธารณสุข -- ไทย
650  4 ^aโรค -- การป้องกันและควบคุม -- มาตรฐาน
650 ^a โรคติดต่อ -- การป้องกันและควบคุม
650  0 ^aโรคติดต่อ -- การป้องกันและควบคุม
650  0 ^aสุขภาพ
945    ^p0^l0^i000959
999    ^aเกษร โพธิ์สุวรรณ
รายการนี้ยังไม่มีแท็ก
คุณยังไม่ได้ล็อกอิน คุณสามารถมีกิจกรรมร่วมกับเว็บไซต์ได้ แต่ต้องล็อกอินก่อน ::
  ล็อกอิน

รายการสื่อสารสนเทศ

ลำดับที่ ประเภท เลขเรียก/บาร์โค้ด สถานที่ สถานะ
1. วิทยาศาสตร์การแพทย์ และสุขภาพ
วิทยาศาสตร์การแพทย์ และสุขภาพ
สถานะ=หนังสือเก่า
WA541.JT3 ป435 ฉ.1 
  Barcode: 000959
ห้องสมุดวิทยาเขตสวรรค์ประชารักษ์
►ส่วนจัดเก็บหนังสือเก่า สปร
บนชั้น
  ขอยืม

รายการใกล้เคียง
    หัวเรื่อง [สุขภาพ]

BibComment


ยังไม่เคยถูกคอมเมนท์

คอมเมนท์ทรัพยากรรายการนี้
  คอมเมนท์: ประวัติศาสตร์โรค..


 Copyright 2026. Bcnsprnw @Library